000 00297nam a22001337a 4500
008 170817b xxu||||| |||| 00| 0 eng d
020 _a0669095680
041 _aeng
080 _a51
100 _a36
101 _aMAT
245 _aCALCULUS WITH ANALYTIC GEOMETRY
_cLARSON,R.E
942 _2udc
_cBK
999 _c23801
_d23801